A Fehértó lepkefaunája Beretzk Péter gyűjtései alapján
Elmentve itt :
| Szerző: | |
|---|---|
| További közreműködők: | |
| Dokumentumtípus: | Szakdolgozat |
| Megjelent: |
1978
|
| Tárgyszavak: | |
| Online Access: | http://diploma.bibl.u-szeged.hu/82591 |
| LEADER | 00592nta a2200169 i 4500 | ||
|---|---|---|---|
| 001 | dipl82591 | ||
| 005 | 20200623113140.0 | ||
| 008 | 200428s1978 hu om 0|| zxx d | ||
| 040 | |a SZTE Diploma Repozitórium |b hun | ||
| 041 | |a zxx | ||
| 100 | 1 | |a Kovács Éva | |
| 245 | 1 | 2 | |a A Fehértó lepkefaunája Beretzk Péter gyűjtései alapján |h [elektronikus dokumentum] / |c Éva Kovács |
| 260 | |c 1978 | ||
| 650 | 4 | |a Pedagógusképzés | |
| 650 | 4 | |a Biological sciences | |
| 700 | 1 | |a Bába Károly |e ths | |
| 856 | 4 | 0 | |u http://diploma.bibl.u-szeged.hu/id/eprint/82591/1/itt_1220_1978_kovacs_eva.pdf |z Dokumentum-elérés |